| 000 | 00468nam a2200181Ia 4500 | ||
|---|---|---|---|
| 001 | 11061 | ||
| 005 | 20260306161918.0 | ||
| 008 | 260306t2003||||xx |||||||||||||| ||spa|| | ||
| 041 | _aESP | ||
| 082 |
_a985.0018 _bC39 |
||
| 100 |
_aCayo Córdova, Percy _eAUT |
||
| 245 | 0 |
_aAntología de Jorge Basadre: _bedición conmemorativa del centenario |
|
| 260 | _c2003 | ||
| 300 |
_a318 páginas : _c24 cm. |
||
| 650 | _aGEN | ||
| 654 | _aCHU | ||
| 942 |
_cLIB _dJUS _fJUS _2ddc _n |
||
| 999 |
_c11061 _d11061 |
||